• 首页
  • 本馆介绍
  • 公告通知
  • 最新文献
  • 馆藏检索
  • 电子资源
  • 读者导购
  • 参考咨询
  • 我的图书馆
  • 登录
  • 详细信息显示
  • 放入我的书架
  • 预约/预借图书
  • 作者相关作品
  • 分类相关作品
  • 丛书相关作品
  • 出版社相关作品

书目信息

  • 表格格式
  • 工作单格式
  • 卡片格式
题名:
音乐鉴赏
    
 
作者: 乔新建 , 谢沈一 主编
分册:  
出版信息: 北京   中国传媒大学出版社  2019.9
页数:
开本: 19cm
丛书名:
单 册:
中图分类: J605.1
科图分类:
主题词: 音乐欣赏--世界--教材
电子资源:
ISBN: 978-7-5657-2579-1
000 00927nam0 2200241 450
001 012019207222
005 20200524064806.1
010    @a978-7-5657-2579-1@dCNY38
100    @a20200524d2019 em y0chiy0110 ea
101 0  @achi
102    @aCN@b110000
105    @af z 000zy
106    @ar
200 1  @a音乐鉴赏@9Yin Le Jian Shang @f乔新建,谢沈一主编
210    @a北京@c中国传媒大学出版社@d2019.9
215    @d19cm
330    @a本教材在编写体例上,以音乐鉴赏知识与方法的系统讲述为主,将音乐的表现手段、曲式的表现意义、声乐及器乐的基本分类、各种体裁的表现特点、综合艺术中的音乐、常见音乐流派的风格特点等分章立节,详细讲解。本教材还融入了大量的中外优秀音乐作品曲例,重视理论与实践结合、知识与谱例互补。
606 0  @a音乐欣赏@y世界@j教材
690 0  @aJ605.1@v5
701  0 @a乔新建@9Qiao Xin Jian @4主编
701  0 @a谢沈一@9Xie Shen Yi @4主编
801  0 @aCN@bBJXHZP@c20230222
905    @b1394195-8@dJ605.1@e1456@f4@S@Z
    
    音乐鉴赏/乔新建,谢沈一主编.-北京:中国传媒大学出版社,2019.9
    19cm
    
    
    ISBN 978-7-5657-2579-1:CNY38
    本教材在编写体例上,以音乐鉴赏知识与方法的系统讲述为主,将音乐的表现手段、曲式的表现意义、声乐及器乐的基本分类、各种体裁的表现特点、综合艺术中的音乐、常见音乐流派的风格特点等分章立节,详细讲解。本教材还融入了大量的中外优秀音乐作品曲例,重视理论与实践结合、知识与谱例互补。
●
相关链接 在E读中查询图书 在五车中查询图书 在当当中查询图书 在豆瓣中查询图书


正题名:音乐鉴赏     索取号:J605.1/1456         预约/预借

序号 登录号 条形码 馆藏地/架位号 状态 备注
1 1394195   213941957   第一样本阅览室/ [索取号:J605.1/1456] 在馆    
2 1394196   213941966   第一借阅区/ [索取号:J605.1/1456] 在馆    
3 1394197   213941975   第一借阅区/ [索取号:J605.1/1456] 在馆    
4 1394198   213941984   第一借阅区/ [索取号:J605.1/1456] 在馆    
唐山师范学院图书馆 欢迎您!
大连网信软件有限公司© 版权所有